00476cam a2200181ua 45000010005000000080039000050200018000440400009000620820010000712450045000812500025001262600033001513000025001846530014002096530020002236530032002437000019002751189110613n ii |||gr||||Z||||||asm a81-7339-027-4 cMAIN a338.510aSnatak arthaniti tattvacby Manirul Huda a11th enl. & rev. ed. aDibrugarh:bBanalata,c2007. a582p.:bill.;c25cm. aEconomics aMicro economics aByastigata arthaniti tattva1 aHuda, Manirul,